| 000 | 00360nam a22001457a 4500 | ||
|---|---|---|---|
| 040 | _cNUST | ||
| 082 |
_a604.2 _bWal |
||
| 100 |
_aWallach, Paul Ross _9122165 |
||
| 245 |
_aFundamentals of Modern Drafting _cPaul Ross Wallach |
||
| 250 | _aSecond Edition | ||
| 260 |
_aUnited States : _bCengage; _c2014. |
||
| 300 | _a523p. | ||
| 500 | _aHB | ||
| 942 |
_2ddc _cBK |
||
| 999 |
_c608702 _d608702 |
||